| 000 | 00000nas 2200000za 4500 |
| 001 | 9.813590 |
| 003 | CaOODSP |
| 005 | 20221107141557 |
| 007 | cr ||||||||||| |
| 008 | 160322d19471947oncar p oss f000#b0fre|d |
| 022 | |y0833-7527 |
| 040 | |aCaOODSP|bfre |
| 041 | |aeng|afre |
| 043 | |an-cn--- |
| 086 | 1 |aCS91-204-PDF |
| 245 | 00|aEstimated number of families in Canada |h[ressource électronique] = |bNombre estimatif de familles au Canada. |
| 246 | 11|aNombre estimatif de familles au Canada |
| 260 | |a[Ottawa] : |bBureau fédéral de la statistique, |c[1948?]. |
| 310 | |aAnnuel |
| 362 | 0 |aJuin 1947. |
| 500 | |aÉdition numérisée de l’imprimé [par Statistique Canada]. |
| 546 | |aTexte en anglais et en français. |
| 692 | 07|2gccst|aPopulation |
| 692 | 07|2gccst|aFamille |
| 692 | 07|2gccst|aStatistiques démographiques |
| 710 | 1 |aCanada. |bBureau fédéral de la statistique. |
| 785 | 00|tEstimates of households and families in Canada |w(CaOODSP)9.813600 |
| 791 | |tEstimated number of families in Canada |eeng|w(CaOODSP)9.813588 |